000 00392nam a2200133Ia 4500
008 220216s9999 xx 000 0 und d
100 _aChattopadhyay S
245 0 _aFluoroelastomer and silicone rubber based super speciality blend applicable for wide temperature range
260 _bRubber India
_c2021
300 _a61-62
650 _aSilicone rubber
700 _aKhanra S
942 _cJS
999 _c59488
_d59488